01394cas a2200349 a 4500003000400000005001700004007000700021008004100028010003100069035002400100037005800124040009100182042000800273050001700281050001600298082001600314245016200330260003500492300002500527310001400552362003300566500002200599530002400621590003200645650004100677650005100718710006900769780012000838906004500958942002401003999001701027dpl20140908102554.0cr un|910405c19919999sz qr p 0 0eng c a 92640006 zsn 91022416  a(OCoLC)ocm23381143  bIABSE, ETH-Hönggerberg, CH-8093 Zurich, Switzerland aMoUcMoUdFUdDLCdNSTdWaUdNSTdMCMdNSTdMiUdOCoLCdCU-SdMCMdOCoLCdCaQMMdOCoLC apcc00aTA630b.S826 4aTG5bA849is00a624.10522000aThe Bridge and Structural engineering :bjournal of the Indian natioanl group of the International Association for Bridge and Structural Engineering (IABSE). aNew Delhi :bING-IABSE,c1970- av. :bill. ;c30 cm. aQuarterly0 aVol. 44, no. 1 (March 2014)- aTitle from cover. aAlso issued online. aSERBIB/SERLOC merged record 0aStructural engineeringvPeriodicals. 0aBridgesxDesign and constructionvPeriodicals.2 aInternational Association for Bridge and Structural Engineering.00aInternational Association for Bridge and Structural Engineering.tIABSE periodicaw(DLC) sn87012717w(OCoLC)3572026 a7bcbccserialsd2encipf19gn-oclcserc 2ddccSRh624.105s1 c88381d88381